ਕਾਵਿ-ਕਣੀਆਂ : ਵਾਘਿਉਂ / (Record no. 71154)

MARC details
000 -LEADER
fixed length control field 01158nam a22002537a 4500
005 - DATE AND TIME OF LATEST TRANSACTION
control field 20130606160943.0
008 - FIXED-LENGTH DATA ELEMENTS--GENERAL INFORMATION
fixed length control field 090728t xxu||||| |||| 00| 0 pun d
010 ## - LCCN (DPL NO)
LC control number PUN-7447 B-493964-968
020 ## - INTERNATIONAL STANDARD BOOK NUMBER
Terms of availability 100.00
International Standard Book Number 81876542252
035 ## - SYSTEM CONTROL NUMBER
System control number PN-6565 B-493964-968
037 ## - SOURCE OF ACQUISITION
Source of stock number/acquisition DBAD / PUB/Manpreet Prakashan
037 ## - SOURCE OF ACQUISITION
Source of stock number/acquisition BPPD/KKP
040 ## - CATALOGING SOURCE
Original cataloging agency dpl
Language of cataloging PN
082 ## - DEWEY DECIMAL CLASSIFICATION NUMBER
Classification number 854
245 ## - TITLE STATEMENT
Title ਕਾਵਿ-ਕਣੀਆਂ : ਵਾਘਿਉਂ /
Statement of responsibility, etc ਮਨਜੀਤ ਸਿੰਘ ਤੇ ਰਣਬੀਰ ਸਾਰੰਗ ਦ੍ਵਾਰਾ ਸੰਪਾਦਿਤ
246 ## - VARYING FORM OF TITLE
Title proper/short title Kaav-Kanniyan:Vaghion paar dian
Remainder of title ed by Manjit Singh
260 ## - PUBLICATION, DISTRIBUTION, ETC. (IMPRINT)
Place of publication, distribution, etc Delhi
Name of publisher, distributor, etc Manpreet Prakashan
Date of publication, distribution, etc 2011
270 ## - ADDRESS
City 16/16,1st Floor,Geeta Colony
Address Delhi
Telephone number 9312271252
Postal code 110031
Electronic mail address manpreet1948@gmail.com
300 ## - PHYSICAL DESCRIPTION
Extent 55ਪਂ;
Other physical details 21ਸੇਂਮੀ(ਸਜਿਲਦ)
700 ## - ADDED ENTRY--PERSONAL NAME
9 (RLIN) 53282
Personal name ਮਨਜੀਤ ਸਿੰਘ
700 ## - ADDED ENTRY--PERSONAL NAME
Personal name ਰਣਬੀਰ ਸਾਰੰਗ
9 (RLIN) 53424
942 ## - ADDED ENTRY ELEMENTS (KOHA)
Source of classification or shelving scheme Dewey Decimal Classification
Item type Punjabi Bks
Classification part 854
Call number suffix ਕਾਵਿਕ
Holdings
Withdrawn status Lost status Source of classification or shelving scheme Damaged status Not for loan Collection code Home library Current library Date acquired Source of acquisition Cost, normal purchase price Total Checkouts Full call number Barcode Date last seen Copy number Cost, replacement price Koha item type Checked out
    Dewey Decimal Classification     Non-fiction Central Library Central Library 06/06/2013 BPPD/162/21.2.13/2963/8.3.13/13.3.13 100.00   854 ਕਾਵਿਕ B-493964 06/06/2013 1 100.00 Punjabi Bks  
    Dewey Decimal Classification     Non-fiction D.B.Act.Division D.B.Act.Division 30/10/2012 DBAD / PUB 100.00   854 ਕਾਵਿਕ PN-6565 30/10/2012 1 100.00 Punjabi Bks  
    Dewey Decimal Classification     Non-fiction Mobile Library Mobile Library 06/06/2013 BPPD/162/21.2.13/2963/8.3.13/13.3.13 100.00 3 854 ਕਾਵਿਕ B-493965 15/01/2018 1 100.00 Punjabi Bks 01/06/2045
    Dewey Decimal Classification     Non-fiction Mobile Library Mobile Library 06/06/2013 BPPD/162/21.2.13/2963/8.3.13/13.3.13 100.00   854 ਕਾਵਿਕ B-493966 06/06/2013 1 100.00 Punjabi Bks  
  Written-off vide DLB M. No. 383 dt 16.05.19 Dewey Decimal Classification     Non-fiction Sriniwas Puri Sriniwas Puri 06/06/2013 BPPD/162/21.2.13/2963/8.3.13/13.3.13 100.00   854 ਕਾਵਿਕ B-493968 06/06/2013 1 100.00 Punjabi Bks  
  Written-off vide DLB M. No. 383 dt 16.05.19 Dewey Decimal Classification     Non-fiction Tri Nagar Tri Nagar 06/06/2013 BPPD/162/21.2.13/2963/8.3.13/13.3.13 100.00   854 ਕਾਵਿਕ B-493967 06/06/2013 1 100.00 Punjabi Bks  

© Delhi Public Library
Hit Counter
free hit counter